Southville International School and Colleges
Your cart is empty.
  • Cart
  • Lists
    Public lists Eva Luna New books Lux_list list_1
    Your lists Log in to create your own lists
  • Log in to your account
  • Your cookies
  • Search history
Southville International School and Colleges
  • Advanced search
  • Recent comments
  • Most popular
  • Libraries

Log in to your account

Log in with GOOGLE


If you do not have an external account, but do have a local account, you can still log in:

  1. Home
  2. MARC view: A salt-caked smoked-stack /
Normal view MARC view ISBD view

A salt-caked smoked-stack / (Record no. 340003)

[ view plain ]
MARC details
000 -LEADER
fixed length control field 00773nam a2200301Ia 4500
008 - FIXED-LENGTH DATA ELEMENTS--GENERAL INFORMATION
fixed length control field 170711s9999 xx 000 0 und d
020 ## - INTERNATIONAL STANDARD BOOK NUMBER
International Standard Book Number 9781858214078
050 ## - LIBRARY OF CONGRESS CALL NUMBER
Classification number 942.08
050 ## - LIBRARY OF CONGRESS CALL NUMBER
Item number M345 1996
100 ## - MAIN ENTRY--PERSONAL NAME
Personal name Markham, Joan
245 #2 - TITLE STATEMENT
Title A salt-caked smoked-stack /
245 ## - TITLE STATEMENT
Statement of responsibility, etc by Joan Markham, Robin Markham and Peggy Lundie.
260 ## - PUBLICATION, DISTRIBUTION, ETC. (IMPRINT)
Place of publication, distribution, etc Edinburgh :
260 ## - PUBLICATION, DISTRIBUTION, ETC. (IMPRINT)
Name of publisher, distributor, etc The Pentland Press Limited,
260 ## - PUBLICATION, DISTRIBUTION, ETC. (IMPRINT)
Date of publication, distribution, etc 1996
300 ## - PHYSICAL DESCRIPTION
Extent 99 pages :
300 ## - PHYSICAL DESCRIPTION
Other physical details illustrations ;
300 ## - PHYSICAL DESCRIPTION
Dimensions 21cm.
650 ## - SUBJECT ADDED ENTRY--TOPICAL TERM
Topical term or geographic name as entry element England & Wales --
650 ## - SUBJECT ADDED ENTRY--TOPICAL TERM
Topical term or geographic name as entry element Markham, Joan --
650 ## - SUBJECT ADDED ENTRY--TOPICAL TERM
Topical term or geographic name as entry element Markham, Robin --
650 ## - SUBJECT ADDED ENTRY--TOPICAL TERM
General subdivision History of Europe.
650 ## - SUBJECT ADDED ENTRY--TOPICAL TERM
General subdivision Travel.
650 ## - SUBJECT ADDED ENTRY--TOPICAL TERM
General subdivision Travel.
700 ## - ADDED ENTRY--PERSONAL NAME
Personal name Lundie, Peggy.
700 ## - ADDED ENTRY--PERSONAL NAME
Personal name Markham, Robin.
700 ## - ADDED ENTRY--PERSONAL NAME
Personal name Title.

No items available.

A salt-caked smoked-stack /

APA

Markham J., Lundie P., Markham R. & Title.A salt-caked smoked-stack. Edinburgh: .

Chicago

Markham Joan, Lundie Peggy, Markham Robin and Title.A salt-caked smoked-stack. Edinburgh: .

Harvard

Markham J., Lundie P., Markham R. and Title.A salt-caked smoked-stack. Edinburgh: .

MLA

Markham Joan, Lundie Peggy, Markham Robin and Title.Edinburgh: . .

  • Print
  • Cite
  • Add to your cart (remove)
  • Save record
    BIBTEX Dublin Core MARCXML MARC (non-Unicode/MARC-8) MARC (Unicode/UTF-8) MARC (Unicode/UTF-8, Standard) MODS (XML) RIS
  • More searches
    Search for this title in:
    Other Libraries (WorldCat) Other Databases (Google Scholar) Online Stores (Bookfinder.com) Open Library (openlibrary.org)

Exporting to Dublin Core...

SOUTHVILLE LIBRARY

Southville International School and Colleges Library

1281 Tropical Ave. Cor. Luxembourg St., BF Homes International, Las Pinas City

Tel. No. 8256374 / 252358 Loc. 117/146

Powered by Koha